MARC details
| 000 -LEADER |
| fixed length control field |
01637cam a2200421I 4500 |
| 001 - CONTROL NUMBER |
| control field |
bruteotherfarces00chek |
| 003 - CONTROL NUMBER IDENTIFIER |
| control field |
CaSfIA |
| 005 - DATE AND TIME OF LATEST TRANSACTION |
| control field |
20230525154752.0 |
| 007 - PHYSICAL DESCRIPTION FIXED FIELD--GENERAL INFORMATION |
| fixed length control field |
cr|||| |
| 008 - FIXED-LENGTH DATA ELEMENTS--GENERAL INFORMATION |
| fixed length control field |
731127s1958 nyu 000 0 eng d |
| 010 ## - LIBRARY OF CONGRESS CONTROL NUMBER |
| LC control number |
58005533 |
| 040 ## - CATALOGING SOURCE |
| Original cataloging agency |
HEI |
| Transcribing agency |
HEI |
| Modifying agency |
PLF |
| -- |
XBM |
| -- |
UKM |
| -- |
OCL |
| -- |
OCLCG |
| -- |
DRB |
| -- |
AU@ |
| -- |
UAB |
| -- |
CaSfIA |
| 015 ## - NATIONAL BIBLIOGRAPHY NUMBER |
| National bibliography number |
GB59-4022 |
| 019 ## - |
| -- |
7477803 |
| -- |
42710852 |
| -- |
221261933 |
| 035 ## - SYSTEM CONTROL NUMBER |
| System control number |
(OCoLC)749176 |
| Canceled/invalid control number |
(OCoLC)7477803 |
| -- |
(OCoLC)42710852 |
| -- |
(OCoLC)221261933 |
| 041 1# - LANGUAGE CODE |
| Language code of text/sound track or separate title |
eng |
| Language code of original |
rus |
| 050 #4 - LIBRARY OF CONGRESS CALL NUMBER |
| Classification number |
PG3456.A19 |
| Item number |
B4 |
| 082 04 - DEWEY DECIMAL CLASSIFICATION NUMBER |
| Classification number |
891.723 |
| Edition number |
18 |
| 029 1# - OTHER SYSTEM CONTROL NUMBER (OCLC) |
| OCLC library identifier |
UKM |
| System control number |
b5904022 |
| 029 1# - OTHER SYSTEM CONTROL NUMBER (OCLC) |
| OCLC library identifier |
NZ1 |
| System control number |
8488243 |
| 029 1# - OTHER SYSTEM CONTROL NUMBER (OCLC) |
| OCLC library identifier |
AU@ |
| System control number |
000007021191 |
| 029 1# - OTHER SYSTEM CONTROL NUMBER (OCLC) |
| OCLC library identifier |
AU@ |
| System control number |
000027087471 |
| 029 1# - OTHER SYSTEM CONTROL NUMBER (OCLC) |
| OCLC library identifier |
UNITY |
| System control number |
002493071 |
| 029 1# - OTHER SYSTEM CONTROL NUMBER (OCLC) |
| OCLC library identifier |
UKHRW |
| System control number |
B5904022 |
| 029 1# - OTHER SYSTEM CONTROL NUMBER (OCLC) |
| OCLC library identifier |
UKHSF |
| System control number |
B5904022 |
| 029 1# - OTHER SYSTEM CONTROL NUMBER (OCLC) |
| OCLC library identifier |
UNITY |
| System control number |
082117357 |
| 029 1# - OTHER SYSTEM CONTROL NUMBER (OCLC) |
| OCLC library identifier |
LWM |
| System control number |
BRN0003412 |
| 029 1# - OTHER SYSTEM CONTROL NUMBER (OCLC) |
| OCLC library identifier |
AU@ |
| System control number |
000009514879 |
| 100 1# - MAIN ENTRY--PERSONAL NAME |
| Personal name |
Chekhov, Anton Pavlovich, |
| Dates associated with a name |
1860-1904. |
| 245 14 - TITLE STATEMENT |
| Title |
The brute, |
| Medium |
[electronic resource] |
| Remainder of title |
and other farces. |
| Statement of responsibility, etc. |
Edited by Eric Bentley; in new versions by Eric Bentley and Theodore Hoffman. |
| 260 ## - PUBLICATION, DISTRIBUTION, ETC. |
| Place of publication, distribution, etc. |
New York, |
| Name of publisher, distributor, etc. |
Grove Press |
| Date of publication, distribution, etc. |
[1958] |
| 300 ## - PHYSICAL DESCRIPTION |
| Extent |
vii, 99 p. |
| Dimensions |
21 cm. |
| 490 0# - SERIES STATEMENT |
| Series statement |
Evergreen books, |
| Volume/sequential designation |
E-110 |
| 505 0# - FORMATTED CONTENTS NOTE |
| Formatted contents note |
The harmfulness of tobacco.--Swan song.--The brute.--Marriage proposal.--Summer in the country.--A wedding.--The celebration. |
| 600 10 - SUBJECT ADDED ENTRY--PERSONAL NAME |
| Personal name |
Chekhov, Anton Pavlovich, |
| Dates associated with a name |
1860-1904 |
| General subdivision |
Translations, English. |
| 856 41 - ELECTRONIC LOCATION AND ACCESS |
| Uniform Resource Identifier |
<a href="http://www.archive.org/details/bruteotherfarces00chek">http://www.archive.org/details/bruteotherfarces00chek</a> |
| Public note |
Free eBook from the Internet Archive |
| 856 42 - ELECTRONIC LOCATION AND ACCESS |
| Uniform Resource Identifier |
<a href="http://www.openlibrary.org/books/OL6245100M">http://www.openlibrary.org/books/OL6245100M</a> |
| Public note |
Additional information and access via Open Library |